00722nam a2200217 a 450000100060000000300080000600500170001400800410003103500190007204000340009104100080012508200260013310000190015924500610017826000550023930000330029450400410032765100470036865100470041565100420046225508BD-RjUL20221229103006.0140318s1960 enkb b 001 0 eng d a(BD-RjUL)25578 aVCAVbengcVCAVdSFUdBD-RjUL aeng04a941.081219bWON 19601 aWood, Anthony.10aNineteenth century Britain :b1815-1914 /cAnthony Wood. aLondon :bLongmans, Green,c1960 [impression 1966] axi, 476 p. :bmaps ;c22 cm. aBibliography: p. 458-462. and index. 0aGreat BritainxCivilizationy19th century. 0aGreat BritainxCivilizationy20th century. 0aGreat BritainxHistoryy19th century.